| 000 | 00862nam a2200205 a 4500 | ||
|---|---|---|---|
| 001 | 000041948 | ||
| 005 | 20201002035840.0 | ||
| 008 | 131007s2004 sp 000 0 spa d | ||
| 020 | _a8400082699 | ||
| 040 |
_aDO-SdBNP _bspa _cBNPHU |
||
| 100 | 1 |
_aFernández, Alejandro _968865 |
|
| 245 | 1 | 0 |
_aUn "mercado étnico" en el Plata : _bemigración y exportaciones españolas a la Argentina, 1880-1935 / Alejandro Fernández / _cAlejandro Fernández. |
| 260 |
_aMadrid : _bConsejo Superior de Investigaciones Científicas, _c2004. |
||
| 300 |
_a271, [22] p. ; _c25 cm. |
||
| 490 | 1 |
_aBiblioteca de historia de América _v31 |
|
| 504 | _aIncluye referencias bibliográficas y notas al pie de las páginas | ||
| 700 | 1 |
_aAres, Berta _968173 |
|
| 710 | 2 |
_aConsejo Superior de Investigaciones Científicas, _94786 |
|
| 830 | 0 |
_aBiblioteca de historia de América _v31 _966078 |
|
| 999 |
_c41437 _d41437 |
||